Ubrania na literę C - Statystyki

Ogólne statystyki
  • Ten quiz został rozwiązany 102 razy
  • Średni wynik to 3 z 8
Statystyki odpowiedzi
Ubranie % Poprawnych
czapka
97%
chustka
56%
czepek
49%
chodaki
33%
cylinder
33%
czółenka
27%
cygaretki
13%
chinosy
9%
Nie znaleziono quizów pasujących do podanych kryteriów
Rozkład punktacji
Procent ludzi z każdym wynikiem
Percentyl według liczby udzielonych odpowiedzi
Twoja historia wyników
Nie rozwiązałeś tego quizu